Geography Quiz

Random Geography or Asia Quiz

Middle East Topology Map Quiz Stats

 Plays Quiz not verified by Sporcle

Challenge
Share
Tweet
Score 0/22 Timer 10:00
0 Plays Today
% Correct
Turkey
84%
Cyprus
83%
Palestine
81.3%
Saudi Arabia
80.5%
Syria
77.8%
Kuwait
77%
Yemen
76.7%
Oman
76.4%
Israel
76.4%
Lebanon
75.3%
Iraq
75.2%
% Correct
Bahrain
72.3%
Jordan
71%
Iran
71%
Med.
Sea
70.5%
Persian Gulf
69%
Qatar
67.7%
Red Sea
65.7%
Egypt
62.6%
Str. Hormuz
61.2%
Gulf of
Oman
59.3%
UAE
55%

You're not logged in!

Compare scores with friends on all Sporcle quizzes.
OR
Log In

You Might Also Like...

Show Comments

Extras

Top Quizzes Today


Score Distribution

Your Account Isn't Verified!

In order to create a playlist on Sporcle, you need to verify the email address you used during registration. Go to your Sporcle Settings to finish the process.

Report this User

Report this user for behavior that violates our Community Guidelines.

Details: